| 000 | 00544nam a2200157Ia 4500 | ||
|---|---|---|---|
| 008 | 190719s9999||||xx |||||||||||||| ||und|| | ||
| 020 |
_a97889280142075 _c£ 10.00 |
||
| 040 | _aIMU Kochi | ||
| 082 | 0 | 4 |
_a623.82450287 _bIn858 |
| 110 | _aInternational Maritime Organization | ||
| 245 | 0 |
_aCAS: Condition Assessment Scheme / _cInternational Maritime Organization |
|
| 260 |
_aLondon : _bInternational Maritime Organization , _c2005 |
||
| 300 |
_avi, 51 p. _c; 24 cm. |
||
| 650 |
_aCargo ships _xInspection _vHandbooks, manuals, etc. |
||
| 942 |
_2ddc _cBK |
||
| 999 |
_c75 _d75 |
||